书目信息 |
| 题名: |
手绘室内外设计效果图
|
|
| 作者: | 陈新生 著 | |
| 分册: | ||
| 出版信息: | 合肥 安徽美术出版社 2004.12 |
|
| 页数: | 60页 | |
| 开本: | 27cm | |
| 丛书名: | 设计表现技法丛书 | |
| 单 册: | ||
| 中图分类: | TU204 | |
| 科图分类: | ||
| 主题词: | 建筑设计--jian zhu she ji--建筑制图--技法 (美术) | |
| 电子资源: | ||
| ISBN: | 978-7-5398-1355-4 | |
| 000 | 00933nam 2200253 450 | |
| 001 | 012008357257 | |
| 005 | 20080429163008.22 | |
| 010 | @a978-7-5398-1355-4@dCNY24.00 | |
| 100 | @a20080429d2004 em y0chiy0120 ea | |
| 101 | 0 | @achi |
| 102 | @aCN@b340000 | |
| 105 | @aa z 000yy | |
| 106 | @ar | |
| 200 | 1 | @a手绘室内外设计效果图@Ashou hui shi nei wai she ji xiao guo tu@f陈新生著@Fchen xin sheng zhu |
| 210 | @a合肥@c安徽美术出版社@d2004.12 | |
| 215 | @a60页@c图 (部分彩图)@d27cm | |
| 225 | 2 | @a设计表现技法丛书@Ashe ji biao xian ji fa cong shu@v1 |
| 330 | @a本书从基础入手,循序渐进,分八个章节对材料与工具、室内外透视与制图、构图与色调、室内外设计效果图快速徒手表现等内容逐一进行讲解。 | |
| 410 | 0 | @12001 @a设计表现技法丛书 |
| 606 | 0 | @a建筑设计@Ajian zhu she ji@x建筑制图@x技法 (美术) |
| 690 | @aTU204@v4 | |
| 701 | 0 | @a陈新生@Achen xin sheng@4著 |
| 801 | 0 | @aCN@bQSSK@c20080429 |
| 905 | @b299416-20@dTU204@eC596@f5 | |
| 手绘室内外设计效果图/陈新生著.-合肥:安徽美术出版社,2004.12 |
| 60页:图 (部分彩图);27cm.-(设计表现技法丛书;1) |
| ISBN 978-7-5398-1355-4:CNY24.00 |
| 本书从基础入手,循序渐进,分八个章节对材料与工具、室内外透视与制图、构图与色调、室内外设计效果图快速徒手表现等内容逐一进行讲解。 |
| ● |
| 相关链接 |
|
|
|
正题名:手绘室内外设计效果图
索取号:TU204/C596
 
预约/预借
| 序号 | 登录号 | 条形码 | 馆藏地/架位号 | 状态 | 备注 |
| 1 | 299416 | 202994162 | 建筑库101/101建筑库 108排1列1层/ [索取号:TU204/C596] | 在馆 | |
| 2 | 299417 | 202994171 | 建筑库101/101建筑库 108排1列1层/ [索取号:TU204/C596] | 在馆 | |
| 3 | 299418 | 202994180 | 建筑库101/101建筑库 108排1列1层/ [索取号:TU204/C596] | 在馆 | |
| 4 | 299419 | 202994199 | 建筑库101/ [索取号:TU204/C596] | 在馆 | |
| 5 | 299420 | 202994206 | 建筑库101/101建筑库 108排1列1层/ [索取号:TU204/C596] | 在馆 |